| 000 | 01670nam a22003615a 4500 | ||
|---|---|---|---|
| 001 | 132861 | ||
| 005 | 20170105102853.0 | ||
| 008 | 870429s1987 enka 001 0 eng d | ||
| 010 | _a 97199216 | ||
| 015 | _aGB86-17098 | ||
| 020 |
_a0333427904 (cased) : _c£30.00 |
||
| 020 |
_a0333427912 (pbk) : _c£9.95 |
||
| 035 | _a(OCoLC)13903889 | ||
| 040 |
_aUk _cUk _dIaPeC _dDLC |
||
| 042 | _alccopycat | ||
| 050 | 0 | 0 | _aIN PROCESS (UTILITY LOAD) |
| 050 | 1 | 0 | _aQA21 |
| 082 | 0 | 4 |
_a510.9 _219 |
| 245 | 0 | 4 |
_aThe History of mathematics : _ba reader / _cedited by John Fauvel and Jeremy Gray. |
| 260 |
_aBasingstoke : _bMacmillan Education in association with the Open University, _c1987. |
||
| 300 |
_axxiv, 628 p. : _bill. ; _c26 cm. |
||
| 500 | _aIncludes index. | ||
| 504 | _aBibliography: pxxiv. | ||
| 505 | 2 | _aOrigins -- Mathematics in classical Greece -- Euclid's elements -- Archimedes and Apollonius -- Mathematical traditions in the Hellenistic Age -- Islamic mathematics -- Mathematics in mediaeval Europe -- Sixteenth-century European mathematics -- Mathematical sciences in Tudor and Stuart England -- Mathematics and the scientific revolution -- Isaac Newton -- Leibniz and his followers -- Euler and his contempories -- Gauss, and the origins of structural algebra -- Non-Euclidean geometry -- Projective geometry in the nineteenth century -- The mechanization of calculation. | |
| 650 | 0 |
_aMathematics _xHistory. |
|
| 653 | _aMathematics, to 1982 | ||
| 700 | 1 | _aFauvel, John. | |
| 700 | 1 |
_aGray, Jeremy, _d1947- |
|
| 710 | 2 | _aOpen University. | |
| 906 |
_a0 _bibc _ccopycat _du _encip _f19 _gy-gencatlg |
||
| 942 |
_2ddc _cBK |
||
| 999 |
_c14362 _d14362 |
||